000 00476pab a2200169 454500
008 180718b2014 xxu||||| |||| 00| 0 eng d
100 _aHepburn, Paul
245 _aLocal democracy in a digital age: Lessons for local government from the Manchester congestion charge referendum
260 _c2014
300 _ap.82-101.
362 _aFeb
650 _aReferendum
650 _aLocal government
773 _aLocal Government Studies
908 _aN
909 _a104222
999 _c104218
_d104218